Name some sub-genres of metal, emo, and goth music - Statistics

General Stats
  • This quiz has been taken 208 times
  • The average score is 5 of 15
Answer Stats
Hint Answer % Correct
Iron Maiden Heavy Metal
70%
Megadeth (early) Thrash Metal
67%
Atheist Death Metal
65%
Twisted Sister Glam Metal
40%
Pantera (later) Groove Metal
40%
Rhapsody of Fire Power Metal
36%
Acid Bath Sludge Metal
34%
Bauhaus Goth Rock
28%
Cap N' Jazz Midwest Emo
27%
Twilight Force Symphonic Metal
15%
Alien Sex Fiend Death rock
11%
Rites of Spring Emotive Hardcore
10%
City of Caterpillar Skramz
8%
Algernon Cadwallader Emo Revival
4%
Silent Force Neoclassical Metal
2%
No matching quizzes found
Score Distribution
Percent of People with Each Score
Percentile by Number Answered
Your Score History
You have not taken this quiz